عرض عادي
عرض مارك
- Chitja, Joyce
دخول Personal Name
001 - CONTROL NUMBER
- control field: 16535
003 - CONTROL NUMBER IDENTIFIER
- control field: AE-AdECS
005 - DATE AND TIME OF LATEST TRANSACTION
- control field: 20250527093205.0
008 - FIXED-LENGTH DATA ELEMENTS
- fixed length control field: 250527|| aca||aabn | a|a d
040 ## - CATALOGING SOURCE
- Original cataloging agency: AE-AdECS
- Transcribing agency: AE-AdECS
100 ## - HEADING--PERSONAL NAME
- Personal name: Chitja, Joyce
670 ## - SOURCE DATA FOUND
- Source citation: Work cat.: (AE-AdECS)290852: Transforming agriculture in southern Africa :
